000
00349 a2200169 4500
001
46178
020
_a
978-850815364-0
040
_c
Anchieta - Aquarius
100
_a
Queiroz, Rachel
240
1
0
_a
=O quinze
_l
por
245
1
0
_a
=O quinze
300
_a
362
0
_a
2012
440
1
_a
Ática
650
4
_a
Literatura brasileira
942
_c
BK
999
_c
46178
_d
46178